[Event "24. Erfurter Schachfestival 2014 - Haup"]
[Site "Erfurt"]
[Date "2014.12.28"]
[Round "5.10"]
[White "Oberling, Mario"]
[Black "Mauch, Johannes"]
[Result "1/2-1/2"]
[WhiteElo "1848"]
[BlackElo "1774"]
[PlyCount "41"]
[EventDate "2014.12.26"]
[EventRounds "8"]
[EventCountry "GER"]
[Source "24. ESF 2014"]
[SourceDate "2014.12.30"]

1. Nc3 Nf6 2. Nf3 g6 3. e4 d6 4. d4 Bg7 5. Be3 O-O 6. Be2 Nbd7 7. O-O c5 8. d5
Ng4 9. Bd2 Nde5 10. Nxe5 Nxe5 11. f4 Nd7 12. Be3 f5 13. exf5 Rxf5 14. Bg4 Rf8
15. Be6+ Kh8 16. f5 gxf5 17. Rxf5 Rxf5 18. Bxf5 Nf6 19. Bxc8 Qxc8 20. h3 e6 21.
dxe6 1/2-1/2

[Event "24. Erfurter Schachfestival 2014 - Haup"]
[Site "Erfurt"]
[Date "2014.12.29"]
[Round "6.1"]
[White "Klaus, Christian"]
[Black "Rensch, Toralf"]
[Result "1-0"]
[WhiteElo "2082"]
[BlackElo "2060"]
[PlyCount "59"]
[EventDate "2014.12.27"]
[EventRounds "4"]
[EventCountry "GER"]
[Source "24. ESF 2014"]
[SourceDate "2014.12.30"]

1. e4 Nc6 2. d3 d5 3. Nd2 Nf6 4. Ngf3 Bg4 5. Be2 e5 6. c3 Be7 7. O-O O-O 8. Qc2
Re8 9. Re1 Bf8 10. b4 a6 11. a3 g6 12. h3 Be6 13. Ng5 Bd7 14. exd5 Nxd5 15.
Nde4 Nf4 16. Bxf4 exf4 17. Qb3 Be6 18. Nxe6 Rxe6 19. Bg4 Re8 20. d4 Kg7 21. Bf3
Rb8 22. Rad1 h6 23. Qb2 f5 24. Nc5 Bxc5 25. bxc5 Rxe1+ 26. Rxe1 Qf6 27. Bd5 Nd8
28. Re8 Qg5 29. Qe2 c6 30. Qe5+ 1-0

[Event "24. Erfurter Schachfestival 2014 - Haup"]
[Site "Erfurt"]
[Date "2014.12.29"]
[Round "6.2"]
[White "Muuss, Klaus"]
[Black "Feicht, Arno"]
[Result "0-1"]
[WhiteElo "2035"]
[BlackElo "2093"]
[PlyCount "80"]
[EventDate "2014.12.26"]
[EventRounds "8"]
[EventCountry "GER"]
[Source "24. ESF 2014"]
[SourceDate "2014.12.30"]

1. e4 c5 2. Nf3 Nc6 3. d4 cxd4 4. Nxd4 e5 5. Nb5 d6 6. N1c3 a6 7. Na3 b5 8. Nd5
Nge7 9. Bg5 h6 10. Bh4 Qa5+ 11. c3 Nxd5 12. Qxd5 Qb6 13. Be2 Rb8 14. Nc2 b4 15.
O-O Be6 16. Qd3 g5 17. Bg3 h5 18. h4 Be7 19. Qxa6 Qxa6 20. Bxa6 gxh4 21. Bh2 h3
22. g3 d5 23. exd5 Bxd5 24. Ne3 Bf3 25. Rfe1 Rd8 26. Be2 Bxe2 27. Rxe2 bxc3 28.
bxc3 Rd3 29. Rc2 Bc5 30. Rd1 e4 31. Rxd3 exd3 32. Rd2 Ne5 33. Kh1 Bxe3 34. fxe3
Ke7 35. g4 Nxg4 36. Bg1 Rd8 37. e4 Ne5 38. Bd4 Ke6 39. Bxe5 Kxe5 40. Kg1 Kxe4
0-1

[Event "24. Erfurter Schachfestival 2014 - Haup"]
[Site "Erfurt"]
[Date "2014.12.29"]
[Round "6.3"]
[White "Schwarz, Hilmar"]
[Black "Werner, Bernd-Michael"]
[Result "1-0"]
[WhiteElo "1918"]
[BlackElo "2074"]
[PlyCount "43"]
[EventDate "2014.12.26"]
[EventRounds "8"]
[EventCountry "GER"]
[Source "24. ESF 2014"]
[SourceDate "2014.12.30"]

1. e4 Nf6 2. e5 Nd5 3. d4 d6 4. c4 Nb6 5. Nf3 g6 6. Be2 Bg7 7. exd6 cxd6 8. O-O
O-O 9. Nc3 Bg4 10. Be3 d5 11. h3 Bxf3 12. Bxf3 Nxc4 13. Bxd5 Nxe3 14. fxe3 Nc6
15. Qb3 e6 16. Qxb7 exd5 17. Qxc6 Qg5 18. Rae1 Rad8 19. Qc7 a6 20. Qa7 Rd6 21.
Qc5 Rfd8 22. Ne4 1-0

[Event "24. Erfurter Schachfestival 2014 - Haup"]
[Site "Erfurt"]
[Date "2014.12.29"]
[Round "6.4"]
[White "Junk, Philipp"]
[Black "Schmidt, Matthias"]
[Result "0-1"]
[WhiteElo "1757"]
[BlackElo "2024"]
[PlyCount "104"]
[EventDate "2014.12.26"]
[EventRounds "8"]
[EventCountry "GER"]
[Source "24. ESF 2014"]
[SourceDate "2014.12.30"]

1. e4 e6 2. d4 d5 3. Nd2 c5 4. exd5 exd5 5. Ngf3 Nc6 6. Bb5 Nf6 7. O-O Be7 8.
dxc5 O-O 9. Bxc6 bxc6 10. b4 a5 11. c3 Bg4 12. Qc2 Qc7 13. Nd4 Bh5 14. f3 Bg6
15. Qd1 Nh5 16. N2b3 a4 17. Na5 Bxc5 18. Naxc6 Qxc6 19. Kh1 Bxd4 20. Qxd4 Qc4
21. Be3 Qxd4 22. Bxd4 Bd3 23. Rfd1 Bc4 24. Rd2 Rfe8 25. g3 Re2 26. Rxe2 Bxe2
27. Re1 Re8 28. Kg1 Bb5 29. Rxe8+ Bxe8 30. a3 f5 31. Kf2 g5 32. Be5 f4 33. h4
fxg3+ 34. Bxg3 Nxg3 35. Kxg3 gxh4+ 36. Kxh4 Kf7 37. Kg5 Ke6 38. f4 h6+ 39. Kxh6
Kf5 40. Kg7 Kxf4 41. Kf6 Ke4 42. Ke6 Kd3 43. Kxd5 Kxc3 44. Ke4 Kb3 45. Kd3 Kxa3
46. Kc2 Ka2 47. Kc1 a3 48. Kc2 Bb5 49. Kc1 Ba4 50. b5 Bxb5 51. Kc2 Ba4+ 52. Kc1
Bb3 0-1

[Event "24. Erfurter Schachfestival 2014 - Haup"]
[Site "Erfurt"]
[Date "2014.12.29"]
[Round "6.5"]
[White "Grund, Erwin"]
[Black "Schröter, Maik"]
[Result "1-0"]
[WhiteElo "2046"]
[BlackElo "1877"]
[PlyCount "120"]
[EventDate "2014.12.26"]
[EventRounds "8"]
[EventCountry "GER"]
[Source "24. ESF 2014"]
[SourceDate "2014.12.30"]

1. d4 Nf6 2. Nf3 e6 3. e3 b6 4. Bd3 Bb7 5. Nbd2 d5 6. O-O Nbd7 7. Re1 Be7 8. b3
Ne4 9. Bb2 O-O 10. Ne5 Nxe5 11. dxe5 Nxd2 12. Qxd2 c5 13. Qe2 Qc7 14. Rac1 Rac8
15. c4 dxc4 16. bxc4 Rcd8 17. Bb1 Rd7 18. Bc3 Qc6 19. e4 Bg5 20. Rc2 Rfd8 21.
Rb2 Qa4 22. Bc2 Qc6 23. Bb1 Qa4 24. Rc2 Qc6 25. f3 Rd3 26. Qf2 Rd1 27. Rce2 Ba6
28. f4 Be7 29. Bc2 Rxe1+ 30. Rxe1 Bxc4 31. f5 Bd3 32. f6 Bf8 33. fxg7 Be7 34.
Bxd3 c4 35. Bc2 Bc5 36. Re3 Bxe3 37. Qxe3 Qc5 38. Qxc5 bxc5 39. Kf2 Kxg7 40.
Ke2 Kf8 41. Bd2 Rb8 42. Bc3 Ke7 43. Kd2 Rd8+ 44. Ke3 Rb8 45. Kf4 Rd8 46. g4 Rg8
47. h4 h6 48. Kf3 Rd8 49. Ke2 Rg8 50. Kf3 Rd8 51. h5 Rd7 52. Kf4 Rd8 53. Be1
Rb8 54. Bc3 Rd8 55. a3 Rd7 56. Be1 Rb7 57. Bf2 Rc7 58. g5 hxg5+ 59. Kxg5 Rc8
60. h6 Rg8+ 1-0

[Event "24. Erfurter Schachfestival 2014 - Haup"]
[Site "Erfurt"]
[Date "2014.12.29"]
[Round "6.6"]
[White "Drehwald, Manuel"]
[Black "Münzberg, Stephan"]
[Result "0-1"]
[WhiteElo "1760"]
[BlackElo "1853"]
[PlyCount "66"]
[EventDate "2014.12.26"]
[EventRounds "8"]
[EventCountry "GER"]
[Source "24. ESF 2014"]
[SourceDate "2014.12.30"]

1. e4 e5 2. f4 d5 3. exd5 e4 4. d3 Nf6 5. dxe4 Nxe4 6. Be3 Qh4+ 7. g3 Nxg3 8.
hxg3 Qxh1 9. Kf2 Qh6 10. Nc3 Bd6 11. Nf3 f5 12. Qd3 O-O 13. Bg2 Nd7 14. Rh1 Qf6
15. Ng5 h6 16. Ne6 Rf7 17. Bd4 Qg6 18. Bf3 Nf6 19. Qc4 Bxe6 20. dxe6 Re7 21.
Bxf6 gxf6 22. Bh5 Qg7 23. Nd5 Rd8 24. Nxe7+ Qxe7 25. Bf7+ Kg7 26. Qe2 Bc5+ 27.
Kg2 Qd6 28. Qh5 Qc6+ 29. Kf1 Qb5+ 30. Ke1 Qb4+ 31. c3 Qe4+ 32. Kf1 Qb1+ 33. Ke2
Qc2+ 0-1

[Event "24. Erfurter Schachfestival 2014 - Haup"]
[Site "Erfurt"]
[Date "2014.12.29"]
[Round "6.7"]
[White "Budde, Michael"]
[Black "Prüsse, Horst"]
[Result "0-1"]
[WhiteElo "1859"]
[BlackElo "2044"]
[PlyCount "86"]
[EventDate "2014.12.26"]
[EventRounds "8"]
[EventCountry "GER"]
[Source "24. ESF 2014"]
[SourceDate "2014.12.30"]

1. d4 Nf6 2. Bf4 g6 3. e3 Bg7 4. Nf3 O-O 5. Nbd2 d6 6. Bd3 Nbd7 7. O-O Nh5 8.
Bg5 Qe8 9. c3 e5 10. Qc2 h6 11. Bh4 f5 12. Bc4+ Kh8 13. Bg3 g5 14. dxe5 dxe5
15. h3 Nxg3 16. fxg3 e4 17. Nd4 Ne5 18. Be2 c5 19. Nb5 Qc6 20. g4 a6 21. Na3 b5
22. Rf2 Be6 23. gxf5 Bxf5 24. Raf1 Bg6 25. Nab1 c4 26. b3 Nd3 27. Rxf8+ Rxf8
28. Rxf8+ Bxf8 29. b4 Qf6 30. Bxd3 cxd3 31. Qd1 h5 32. Nb3 Bd6 33. N3d2 g4 34.
hxg4 Qh4 35. Nf1 hxg4 36. Nbd2 g3 37. Qb3 Qf6 38. Qd5 Be5 39. c4 Bc3 40. Qa8+
Kg7 41. Qb7+ Kh6 42. Qc7 Qf2+ 43. Kh1 Bxd2 0-1

[Event "24. Erfurter Schachfestival 2014 - Haup"]
[Site "Erfurt"]
[Date "2014.12.29"]
[Round "6.8"]
[White "Pölsterl, Johann"]
[Black "Förster, Rudi"]
[Result "1/2-1/2"]
[WhiteElo "1959"]
[BlackElo "1881"]
[PlyCount "124"]
[EventDate "2014.12.26"]
[EventRounds "8"]
[EventCountry "GER"]
[Source "24. ESF 2014"]
[SourceDate "2014.12.30"]

1. c4 e5 2. Nc3 f5 3. g3 Nf6 4. Bg2 c6 5. Nf3 e4 6. Ng5 h6 7. Nh3 g5 8. O-O d5
9. cxd5 cxd5 10. d4 Nc6 11. f3 Be6 12. a3 Qd7 13. fxe4 dxe4 14. e3 f4 15. Nxf4
gxf4 16. Rxf4 Be7 17. Nxe4 Nxe4 18. Bxe4 O-O-O 19. b4 Bg5 20. b5 Ne7 21. Rf2
Nd5 22. Qd3 Kb8 23. Bd2 Rc8 24. Raf1 Nxe3 25. Bxe3 Bc4 26. Qd2 Bxf1 27. Rxf1
Qe7 28. Bf4+ Bxf4 29. Qxf4+ Ka8 30. Qf3 Rhf8 31. Qd3 Rxf1+ 32. Kxf1 Re8 33. Bf3
Qe3 34. Qf5 Qxa3 35. Bxb7+ Kb8 36. Bf3 Rf8 37. Qe5+ Kc8 38. Qe6+ Kd8 39. Qd5+
Ke7 40. Kg2 Qd6 41. Qc5 Rd8 42. Qxa7+ Kf6 43. Qa6 Kg5 44. h4+ Kf5 45. b6 Qxd4
46. Qb5+ Ke6 47. b7 Rb8 48. Qc6+ Qd6 49. Bg4+ Ke5 50. Qxd6+ Kxd6 51. Bc8 Ke5
52. g4 Kf6 53. Kf3 Ke5 54. Ke3 Kf6 55. Kf4 h5 56. gxh5 Kg7 57. Kg5 Kh7 58. h6
Kh8 59. Kg6 Kg8 60. Be6+ Kh8 61. Bd5 Rxb7 62. Bxb7 Kg8 1/2-1/2

[Event "24. Erfurter Schachfestival 2014 - Haup"]
[Site "Erfurt"]
[Date "2014.12.29"]
[Round "6.9"]
[White "Mauch, Johannes"]
[Black "Haugk, Franko"]
[Result "0-1"]
[WhiteElo "1774"]
[BlackElo "1960"]
[PlyCount "128"]
[EventDate "2014.12.26"]
[EventRounds "8"]
[EventCountry "GER"]
[Source "24. ESF 2014"]
[SourceDate "2014.12.30"]

1. e4 c6 2. Nc3 d5 3. Nf3 dxe4 4. Nxe4 Nf6 5. Nxf6+ exf6 6. Bc4 Be7 7. O-O O-O
8. d4 Bg4 9. Bf4 Bd6 10. Bxd6 Qxd6 11. Qd3 Bxf3 12. gxf3 g6 13. c3 Nd7 14. Rae1
Nb6 15. Bb3 Rae8 16. c4 c5 17. Rxe8 Rxe8 18. Rd1 cxd4 19. Qxd4 Re1+ 20. Kg2
Rxd1 21. Qxd1 Qxd1 22. Bxd1 Nxc4 23. b3 Nd6 24. Kf1 Kf8 25. Ke2 Ke7 26. Kd3 f5
27. a4 Nc8 28. b4 Kd6 29. Kd4 Ne7 30. f4 Nc6+ 31. Kc3 h5 32. h4 Nd8 33. Kd4
Ne6+ 34. Ke3 b6 35. Bb3 Nd8 36. Bc4 a5 37. bxa5 bxa5 38. Bb5 Ne6 39. Be8 Ke7
40. Bb5 f6 41. Bc4 Nc5 42. Bb5 Ne4 43. Bc6 Nc5 44. Bb5 Ne6 45. Bc4 Nd8 46. Bb5
Kf8 47. Bd7 Nf7 48. Kd4 Ke7 49. Bc8 Kd6 50. Kc4 Kc7 51. Be6 Nd6+ 52. Kd4 Ne4
53. Bf7 g5 54. fxg5 fxg5 55. Bxh5 gxh4 56. f4 h3 57. Ke5 Ng3 58. Bf3 h2 59. Bg2
Kd7 60. Kd5 h1=Q 61. Bxh1 Nxh1 62. Kc4 Ng3 63. Kb5 Ne2 64. Kxa5 Kc6 0-1

[Event "24. Erfurter Schachfestival 2014 - Haup"]
[Site "Erfurt"]
[Date "2014.12.29"]
[Round "6.10"]
[White "Deubler, Bastian"]
[Black "Schimmer, Michael"]
[Result "1-0"]
[WhiteElo "1944"]
[BlackElo "1801"]
[PlyCount "51"]
[EventDate "2014.12.26"]
[EventRounds "8"]
[EventCountry "GER"]
[Source "24. ESF 2014"]
[SourceDate "2014.12.30"]

1. e4 d6 2. d4 Nf6 3. Nc3 g6 4. f4 Bg7 5. Nf3 c5 6. d5 O-O 7. Bd3 b5 8. e5 dxe5
9. fxe5 Ng4 10. Bxb5 a6 11. Bc4 Nxe5 12. Nxe5 Bxe5 13. O-O Nd7 14. Bh6 Bg7 15.
Bxg7 Kxg7 16. Qe2 Nf6 17. Rae1 Ra7 18. Ne4 Nxe4 19. Qxe4 Qd6 20. Bd3 f5 21.
Qe5+ Kg8 22. c4 a5 23. Rf2 Qxe5 24. Rxe5 Rb7 25. b3 Rf6 26. g4 {

[Event "24. Erfurter Schachfestival 2014 - Haup"]
[Site "Erfurt"]
[Date "2014.12.29"]
[Round "7.1"]
[White "Schmidt, Matthias"]
[Black "Klaus, Christian"]
[Result "0-1"]
[WhiteElo "2024"]
[BlackElo "2082"]
[PlyCount "80"]
[EventDate "2014.12.27"]
[EventRounds "4"]
[EventCountry "GER"]
[Source "24. ESF 2014"]
[SourceDate "2014.12.30"]

1. e4 g6 2. d4 Bg7 3. Nf3 d6 4. h3 a6 5. a4 b6 6. Bc4 e6 7. Nc3 Ne7 8. O-O O-O
9. Bg5 h6 10. Be3 Bb7 11. Qd2 Kh7 12. Nh2 d5 13. exd5 exd5 14. Bd3 c5 15. Nd1
cxd4 16. Bf4 Nd7 17. Nf3 Nc5 18. Be5 Nc6 19. Bxg7 Kxg7 20. Re1 Qf6 21. a5 Nxa5
22. Qb4 Nc4 23. Bxc4 a5 24. Qd2 dxc4 25. Qxd4 Bxf3 26. Qxf6+ Kxf6 27. gxf3 Ne6
28. Ne3 b5 29. Red1 a4 30. Rd5 Rab8 31. Kh2 Rfd8 32. Rad1 Ke7 33. Kg3 f5 34. f4
Rxd5 35. Rxd5 Nc7 36. Re5+ Kd6 37. h4 h5 38. Nd1 Re8 39. Re3 Rxe3+ 40. fxe3 b4
0-1

[Event "24. Erfurter Schachfestival 2014 - Haup"]
[Site "Erfurt"]
[Date "2014.12.29"]
[Round "7.2"]
[White "Feicht, Arno"]
[Black "Schwarz, Hilmar"]
[Result "1/2-1/2"]
[WhiteElo "2093"]
[BlackElo "1918"]
[PlyCount "137"]
[EventDate "2014.12.26"]
[EventRounds "8"]
[EventCountry "GER"]
[Source "24. ESF 2014"]
[SourceDate "2014.12.30"]

1. d4 d5 2. Nc3 f5 3. Bg5 c6 4. e3 Qc7 5. Bf4 Qd8 6. Bd3 Nf6 7. Nf3 e6 8. Ne5
Nbd7 9. O-O g6 10. Be2 Bg7 11. h4 Nxe5 12. Bxe5 Qe7 13. g3 b6 14. Na4 O-O 15.
Bxf6 Bxf6 16. f4 h5 17. b3 Bd7 18. Nb2 c5 19. c3 b5 20. Nd3 c4 21. Nc5 Bc6 22.
bxc4 bxc4 23. Rb1 Rfb8 24. Qd2 Qf7 25. Na6 Rb5 26. Nb4 Qb7 27. a4 Rb6 28. a5
Rb5 29. Bd1 Rxa5 30. Bc2 Bd7 31. Nd3 Qc8 32. Nc5 Be7 33. Nxd7 Qxd7 34. Rb2 Bd8
35. Rfb1 Bb6 36. Bd1 Kg7 37. Qg2 Ra3 38. Qc2 Rf8 39. Rb4 Rf7 40. Qb2 Ra5 41.
Bc2 Re7 42. Kg2 Rf7 43. Qc1 Ra2 44. Kf3 Kf8 45. Qd1 Ra5 46. Ba4 Qc7 47. Qc1 Re7
48. Qa3 Kg7 49. R1b2 Kg8 50. Qa2 Kh8 51. Qb1 Kg8 52. Qe1 Kf8 53. Kg2 Rf7 54.
Kh2 Kg7 55. Qe2 Kf8 56. Bb5 Kg7 57. Qc2 Kf8 58. Ra4 Rxa4 59. Qxa4 Re7 60. Bc6
Kf7 61. Qb5 Qd8 62. Qa6 Rc7 63. Qa4 Re7 64. Qc2 Qd6 65. Ba4 Kf8 66. Qe2 Kg7 67.
Kh3 Rf7 68. Rb4 Rf8 69. Qb2 1/2-1/2

[Event "24. Erfurter Schachfestival 2014 - Haup"]
[Site "Erfurt"]
[Date "2014.12.29"]
[Round "7.3"]
[White "Münzberg, Stephan"]
[Black "Grund, Erwin"]
[Result "1-0"]
[WhiteElo "1853"]
[BlackElo "2046"]
[PlyCount "103"]
[EventDate "2014.12.26"]
[EventRounds "8"]
[EventCountry "GER"]
[Source "24. ESF 2014"]
[SourceDate "2014.12.30"]

1. e4 d5 2. exd5 Qxd5 3. Nc3 Qd8 4. d4 Nf6 5. Nf3 Bg4 6. Be2 e6 7. h3 Bh5 8. g4
Bg6 9. Ne5 Nbd7 10. Nxg6 hxg6 11. Be3 Bb4 12. Qd3 c6 13. O-O-O Qa5 14. a3 Be7
15. f4 O-O-O 16. Rdf1 Nc5 17. Qc4 Nce4 18. Nxe4 Nxe4 19. Qd3 Ng3 20. Bd2 Nxe2+
21. Qxe2 Qd5 22. c3 Qb3 23. f5 gxf5 24. gxf5 Bf6 25. fxe6 fxe6 26. Bf4 Qd5 27.
Re1 Rde8 28. Qh2 Qf5 29. Ref1 Rh4 30. Bd2 Qd3 31. Qg2 Reh8 32. Qf3 Qh7 33. Qe3
Kd7 34. Rf3 Re4 35. Qf2 Rh4 36. Qe3 Re8 37. Qd3 Qh5 38. b3 Be7 39. Kb2 Qd5 40.
Be1 Rh5 41. c4 Qg5 42. Rg3 Bxa3+ 43. Kxa3 Qc1+ 44. Ka2 Rf8 45. Rxg7+ Kc8 46.
Qd2 Qxd2+ 47. Bxd2 Rf2 48. Rd1 Rxh3 49. Ka3 Rhh2 50. Bg5 Ra2+ 51. Kb4 b6 52.
Kc3 1-0

[Event "24. Erfurter Schachfestival 2014 - Haup"]
[Site "Erfurt"]
[Date "2014.12.29"]
[Round "7.4"]
[White "Prüsse, Horst"]
[Black "Deubler, Bastian"]
[Result "1-0"]
[WhiteElo "2044"]
[BlackElo "1944"]
[PlyCount "69"]
[EventDate "2014.12.26"]
[EventRounds "8"]
[EventCountry "GER"]
[Source "24. ESF 2014"]
[SourceDate "2014.12.30"]

1. e4 e6 2. d4 d5 3. Nc3 Nf6 4. Bg5 Be7 5. e5 Nfd7 6. h4 Bxg5 7. hxg5 Qxg5 8.
Nh3 Qe7 9. Bd3 Nc6 10. Nf4 Nf8 11. Nh5 f6 12. exf6 gxf6 13. Nf4 f5 14. Be2 Qg7
15. Bh5+ Ng6 16. Nce2 Bd7 17. Qd2 O-O-O 18. O-O-O Nce7 19. Rhe1 Rhe8 20. Nd3
Ng8 21. Nc5 Nf6 22. Bf3 b6 23. Nxd7 Rxd7 24. Nc3 Ne4 25. Nxe4 dxe4 26. Be2 Red8
27. c3 Ne7 28. f3 e5 29. fxe4 exd4 30. e5 Kb8 31. cxd4 Rxd4 32. Qxd4 Rxd4 33.
Rxd4 Qxe5 34. Rd8+ Nc8 35. Rxc8+ 1-0

[Event "24. Erfurter Schachfestival 2014 - Haup"]
[Site "Erfurt"]
[Date "2014.12.29"]
[Round "7.5"]
[White "Haugk, Franko"]
[Black "Muuss, Klaus"]
[Result "1-0"]
[WhiteElo "1960"]
[BlackElo "2035"]
[PlyCount "115"]
[EventDate "2014.12.26"]
[EventRounds "8"]
[EventCountry "GER"]
[Source "24. ESF 2014"]
[SourceDate "2014.12.30"]

1. d4 Nf6 2. Nf3 g6 3. Bf4 Bg7 4. e3 d6 5. Be2 Nbd7 6. h3 c5 7. Nbd2 b6 8. c3
Bb7 9. O-O O-O 10. Re1 Qc7 11. Nh2 Rad8 12. Rc1 Qb8 13. Bg3 Qa8 14. f3 Bh6 15.
Bf2 Nd5 16. Ng4 Bg7 17. c4 Nb4 18. a3 Nc6 19. Nb1 h5 20. Nh2 Nf6 21. d5 Ne5 22.
f4 Ned7 23. Nc3 Rfe8 24. Bf3 a6 25. g4 hxg4 26. hxg4 e6 27. g5 Nh7 28. Ng4 Bxc3
29. Rxc3 b5 30. b3 e5 31. Qd2 Re7 32. Bg3 Rde8 33. Rcc1 f6 34. gxf6 Nhxf6 35.
Nxf6+ Nxf6 36. fxe5 dxe5 37. e4 Rg7 38. Rf1 Qd8 39. Qg5 Nd7 40. Qxd8 Rxd8 41.
Bg4 Rf8 42. Be6+ Kh7 43. Rxf8 Nxf8 44. Bg4 Nd7 45. Kg2 g5 46. Bf2 bxc4 47. bxc4
Nf6 48. Bf5+ Kg8 49. Bxc5 Nh5 50. Be6+ Kh8 51. Rh1 Rh7 52. Be3 Ng7 53. Rxh7+
Kxh7 54. Bd7 Kg6 55. c5 Nh5 56. c6 Nf6 57. cxb7 Nxd7 58. Ba7 1-0

[Event "24. Erfurter Schachfestival 2014 - Haup"]
[Site "Erfurt"]
[Date "2014.12.29"]
[Round "7.6"]
[White "Rensch, Toralf"]
[Black "Oberling, Mario"]
[Result "1/2-1/2"]
[WhiteElo "2060"]
[BlackElo "1848"]
[PlyCount "116"]
[EventDate "2014.12.26"]
[EventRounds "8"]
[EventCountry "GER"]
[Source "24. ESF 2014"]
[SourceDate "2014.12.30"]

1. e4 Nf6 2. Nc3 d5 3. exd5 Nxd5 4. Bc4 Nb6 5. Bb3 Nc6 6. Qf3 e6 7. Nge2 Qf6 8.
Qxf6 gxf6 9. Nb5 Kd8 10. d4 a6 11. Nbc3 Na5 12. Bf4 Nxb3 13. axb3 Bd6 14. f3 f5
15. Kf2 h5 16. Rhe1 Bd7 17. Bg5+ Be7 18. Bxe7+ Kxe7 19. Nf4 Kd6 20. Nce2 c6 21.
c4 Kc7 22. Rad1 Rae8 23. Nd3 f6 24. Nef4 Bc8 25. Nc5 e5 26. dxe5 Rxe5 27. Ng6
Rxe1 28. Rxe1 Rd8 29. Nf4 Rh8 30. Ng6 Rh7 31. Nd3 Nd7 32. Re8 b5 33. c5 a5 34.
Ngf4 Nb8 35. b4 a4 36. Ng6 Nd7 37. Ndf4 Nb8 38. Re7+ Rxe7 39. Nxe7 Na6 40. Nd3
Be6 41. Ng6 Bc4 42. Ngf4 Kd7 43. Kg3 Bxd3 44. Nxd3 Ke6 45. Kh4 Kd5 46. Kxh5 Kd4
47. Ne1 Nxb4 48. Kg6 Nd3 49. h4 Nxb2 50. Nc2+ Kc3 51. Na1 Nd3 52. Kxf5 b4 53.
h5 b3 54. Nxb3 axb3 55. h6 b2 56. h7 b1=Q 57. h8=Q Nxc5+ 58. Kxf6 Qd3 1/2-1/2

[Event "24. Erfurter Schachfestival 2014 - Haup"]
[Site "Erfurt"]
[Date "2014.12.29"]
[Round "7.8"]
[White "Siebarth, Marco"]
[Black "Junk, Philipp"]
[Result "1-0"]
[WhiteElo "2037"]
[BlackElo "1757"]
[PlyCount "99"]
[EventDate "2014.12.26"]
[EventRounds "8"]
[EventCountry "GER"]
[Source "24. ESF 2014"]
[SourceDate "2014.12.30"]

1. e4 c5 2. Nf3 e6 3. b3 d5 4. exd5 Qxd5 5. Nc3 Qd8 6. Bb5+ Bd7 7. Bxd7+ Nxd7
8. Bb2 Ngf6 9. O-O Be7 10. d3 O-O 11. Qe2 a6 12. a4 Nb6 13. Ne5 Nfd5 14. Nxd5
Nxd5 15. f4 Qc7 16. Qe4 Nf6 17. Qf3 Ne8 18. Ng4 f6 19. Rae1 Qd7 20. Re2 Rb8 21.
Rfe1 Nc7 22. Qg3 Rbe8 23. Qf3 Rb8 24. Ne3 Rfe8 25. g4 Bd6 26. Rg2 e5 27. f5 Be7
28. h4 h6 29. Ree2 b5 30. a5 Rbd8 31. Kh1 Nd5 32. Nxd5 Qxd5 33. Re4 Rd7 34. Bc1
c4 35. dxc4 bxc4 36. bxc4 Qd1+ 37. Qxd1 Rxd1+ 38. Rg1 Red8 39. Be3 Rxg1+ 40.
Kxg1 Rc8 41. Bb6 Bc5+ 42. Kf1 Bxb6 43. axb6 Rc6 44. c5 Rxc5 45. Rb4 Rc8 46. c4
Kf8 47. c5 Ke7 48. c6 Kd6 49. c7 Re8 50. Rc4 1-0

[Event "24. Erfurter Schachfestival 2014 - Haup"]
[Site "Erfurt"]
[Date "2014.12.29"]
[Round "7.9"]
[White "Maiwald, Harald"]
[Black "Hille, Wolfram"]
[Result "1-0"]
[WhiteElo "2062"]
[BlackElo "1991"]
[PlyCount "67"]
[EventDate "2014.12.26"]
[EventRounds "8"]
[EventCountry "GER"]
[Source "24. ESF 2014"]
[SourceDate "2014.12.30"]

1. Nf3 Nf6 2. g3 d5 3. Bg2 c5 4. O-O Nc6 5. d4 e6 6. c4 Be7 7. cxd5 exd5 8. Nc3
O-O 9. Bg5 c4 10. Ne5 Be6 11. Qd2 h6 12. Bf4 a6 13. Nxc4 Nxd4 14. Ne5 Nc6 15.
Rfd1 Bb4 16. a3 Bxc3 17. Qxc3 Rc8 18. Nxc6 bxc6 19. Be5 Ne8 20. Rac1 f6 21. Bd4
Nd6 22. Bc5 Rf7 23. Bxd6 Qxd6 24. Qa5 c5 25. Bxd5 Bxd5 26. e4 Qc7 27. Qxc7
Rfxc7 28. exd5 Kf7 29. Rc4 a5 30. d6 Rd7 31. b4 axb4 32. axb4 Rc6 33. bxc5 Ke8
34. Kg2 1-0

[Event "24. Erfurter Schachfestival 2014 - Haup"]
[Site "Erfurt"]
[Date "2014.12.29"]
[Round "7.10"]
[White "Werner, Bernd-Michael"]
[Black "Glock, Benjamin"]
[Result "1-0"]
[WhiteElo "2074"]
[BlackElo "1732"]
[PlyCount "103"]
[EventDate "2014.12.26"]
[EventRounds "8"]
[EventCountry "GER"]
[Source "24. ESF 2014"]
[SourceDate "2014.12.30"]

1. e4 c5 2. c4 g6 3. g3 Bg7 4. Bg2 Nc6 5. Nc3 d6 6. Nge2 Nf6 7. Rb1 O-O 8. a3
Rb8 9. b4 Nd7 10. O-O e6 11. d3 Nd4 12. Be3 Nxe2+ 13. Nxe2 b6 14. f4 Bb7 15. d4
Qe7 16. Qb3 Rfe8 17. Rbe1 Kh8 18. Bf2 Qf8 19. Qd3 Rbd8 20. d5 e5 21. Bh3 Bc8
22. f5 g5 23. Be3 f6 24. g4 h6 25. Ng3 Ba6 26. Rf3 Kg8 27. Bf1 Kf7 28. Qc2 Rb8
29. Qa4 Bc8 30. Rb1 Rb7 31. Rf2 Qe7 32. Rfb2 Rd8 33. Qd1 Nf8 34. Bd3 Rdd7 35.
Bc2 Rdc7 36. Qd3 Kg8 37. Ba4 Bd7 38. Bc6 Rb8 39. bxc5 Bxc6 40. dxc6 dxc5 41.
Qd5+ Qf7 42. Bxc5 Rbc8 43. Bxb6 Rxc6 44. Bxa7 Rxc4 45. Qxf7+ Kxf7 46. Rb7+ R8c7
47. a4 Nd7 48. a5 Bf8 49. a6 Ke8 50. Be3 Rc8 51. a7 Ra4 52. Rd1 1-0

[Event "24. Erfurter Schachfestival 2014 - Haup"]
[Site "Erfurt"]
[Date "2014.12.30"]
[Round "8.2"]
[White "Haugk, Franko"]
[Black "Feicht, Arno"]
[Result "1-0"]
[WhiteElo "1960"]
[BlackElo "2093"]
[PlyCount "91"]
[EventDate "2014.12.26"]
[EventRounds "8"]
[EventCountry "GER"]
[Source "24. ESF 2014"]
[SourceDate "2014.12.30"]

1. d4 f5 2. Nf3 Nf6 3. g3 g6 4. Bg2 Bg7 5. O-O O-O 6. c4 d6 7. Nc3 c6 8. Bg5 h6
9. Bd2 Qc7 10. d5 e5 11. dxe6 Bxe6 12. b3 Ne4 13. Rc1 Nxd2 14. Qxd2 Qe7 15.
Rfd1 Rd8 16. Nd4 Bf7 17. e3 Nd7 18. Nce2 Nf6 19. Rc2 Ng4 20. h3 Ne5 21. Qc1 Qf6
22. a3 g5 23. b4 a6 24. Nb3 b5 25. Na5 bxc4 26. Nxc6 Nd3 27. Qd2 Re8 28. Nc3
Rac8 29. Nd5 Bxd5 30. Bxd5+ Kh8 31. Rf1 f4 32. Rxc4 Qf5 33. Bg2 f3 34. Nd4 Bxd4
35. Rxd4 fxg2 36. Kxg2 Ne5 37. Rxd6 Rc2 38. Qd4 Rf8 39. e4 Qf3+ 40. Kg1 Re8 41.
Rxh6+ Kg7 42. Rxa6 Kh7 43. Ra7+ Kh6 44. Qd6+ Ng6 45. Qd4 Qxe4 46. Qg7+ 1-0

[Event "24. Erfurter Schachfestival 2014 - Haup"]
[Site "Erfurt"]
[Date "2014.12.30"]
[Round "8.3"]
[White "Schwarz, Hilmar"]
[Black "Prüsse, Horst"]
[Result "1/2-1/2"]
[WhiteElo "1918"]
[BlackElo "2044"]
[PlyCount "76"]
[EventDate "2014.12.26"]
[EventRounds "8"]
[EventCountry "GER"]
[Source "24. ESF 2014"]
[SourceDate "2014.12.30"]

1. e4 c5 2. Nf3 a6 3. d4 cxd4 4. Nxd4 Nf6 5. Nc3 e5 6. Nf3 Bb4 7. Bd2 d6 8. Bd3
Bg4 9. h3 Bh5 10. O-O Nc6 11. a3 Bc5 12. Bg5 Nd4 13. g4 Bg6 14. Nxd4 Bxd4 15.
Nd5 Qc8 16. Nxf6+ gxf6 17. Bxf6 Rg8 18. c3 Ba7 19. Qf3 h5 20. g5 Qe6 21. Kh2
Rc8 22. Bc2 Bb8 23. Rad1 Qa2 24. Rd2 d5 25. Rxd5 Qxd5 26. exd5 e4+ 27. Qg3
Bxg3+ 28. Kxg3 Kd7 29. b3 b5 30. Kf4 Rge8 31. Re1 Kd6 32. Bxe4 Bxe4 33. Rxe4
Kxd5 34. c4+ bxc4 35. Rd4+ Ke6 36. Re4+ Kd7 37. Rd4+ Ke6 38. Re4+ Kd7 1/2-1/2